Intencionalidad, actualidad y esencia: Husserl y Zubiri
Guardat en:
| Autor principal: | |
|---|---|
| Format: | Llibre |
| Idioma: | espanyol |
| Publicat: |
Salamanca, España:
Universidad Pontificia de Salamanca, Servicio de Publicaciones,
2002
|
| Col·lecció: | Bibliotheca Salmanticensis: Estudios, 246
|
| Matèries: | |
| Etiquetes: |
Afegir etiqueta
Sense etiquetes, Sigues el primer a etiquetar aquest registre!
|
MARC
| LEADER | 00000nam a2200000 a 4500 | ||
|---|---|---|---|
| 001 | UCG4506 | ||
| 003 | CL-VaPUC | ||
| 005 | 20240820103303.0 | ||
| 008 | 101104e20020000SP |||||||||||||||||spa|d | ||
| 999 | |c 343208 |d 343206 | ||
| 020 | |a 8472995380 | ||
| 040 | |c Pontificia Universidad Católica de Valparaíso | ||
| 082 | 0 | 4 | |a 128 TIR 2002 |2 21 |
| 100 | 0 | |a Tirado San Juan, Víctor Manuel |e autor |9 553810 | |
| 245 | 1 | 0 | |a Intencionalidad, actualidad y esencia: Husserl y Zubiri |
| 260 | |a Salamanca, España: |b Universidad Pontificia de Salamanca, Servicio de Publicaciones, |c 2002 | ||
| 300 | |a 368 páginas | ||
| 490 | 0 | |a Bibliotheca Salmanticensis: Estudios, 246 | |
| 500 | |a C2. Donación Facultad de Teología, libro pertenciente a la Profesora Eugenia Colomer (Q.E.P.D). Correo en papel 01/04/2022 | ||
| 583 | |a last modification |c 20101104 00:00:00 |k Rodrigo Vera | ||
| 650 | 0 | |a Intencionalidad |2 CL-VaPUC |9 455698 | |
| 650 | 0 | |a Filosofía |9 223554 | |
| 650 | 0 | |a Inteligencia |9 267038 | |
| 650 | 0 | |a Fenomenología |9 256519 | |
| 650 | 0 | |a Esencia |2 CL-VaPUC |9 320003 | |
| 942 | |c BK |2 ddc | ||
| 945 | |d 20101104 00:00:00 |a mfarfan | ||
| 952 | |0 0 |1 0 |4 0 |6 128_000000000000000_TIR_2002 |7 0 |8 A |9 440307 |a BIBEDU |b BIBEDU |d 2019-11-22 |i 4731956 |o 128 TIR 2002 |p 4731956 |r 2019-11-22 |w 2019-11-22 |y BK |k FIL | ||
| 952 | |0 0 |1 0 |2 ddc |4 0 |6 128_000000000000000_TIR_2002 |7 0 |8 A |9 582733 |a BIBTEO |b BIBTEO |c GEN |d 2022-04-21 |e Donación |i 5650893 |o 128 TIR 2002 |p 5650893 |r 2025-01-17 |t 2 |w 2022-04-21 |y BK |k ICR | ||